000 00426nam a2200181Ia 4500
001 14066
005 20260306164847.0
008 260306t2017||||xx |||||||||||||| ||spa||
041 _aESP
082 _a006.3
_bZ912
100 _aZaccone, Giancarlo
_eAUT
245 0 _aDeep learning with tensorFlow
260 _c2017
300 _a302 páginas :
_c23 cm.
650 _aGEN
654 _aCCC
942 _cLIB
_dJUS
_fJUS
_2ddc
_n
999 _c14066
_d14066